[Event "GER-ch Net blitz qual3"]
[Site "Playchess.com INT"]
[Date "2021.05.07"]
[Round "4"]
[White "Belikan, Thomas"]
[Black "Buss, Alexander"]
[Result "1-0"]
[WhiteElo "1411"]
[BlackElo "1594"]
[PlyCount "61"]
[EventDate "2021.05.07"]
[EventType "swiss (blitz)"]
[EventRounds "11"]
[EventCountry "GER"]
[SourceTitle "CBM 202 Extra"]
[Source "ChessBase"]
[SourceDate "2021.07.31"]
[SourceVersion "1"]
[SourceVersionDate "2021.07.31"]
[SourceQuality "1"]

1. e4 e5 2. Nc3 Nc6 3. f4 exf4 4. Nf3 Nf6 5. d4 Bb4 6. Bd3 0-0 7. 0-0 Bxc3 8. bxc3 d6 9. Bxf4 Ne7 10. Bg5 Nd7 11. Qe1 f6 12. Bd2 Ng6 13. h4 c5 14. h5 Ne7 15. Qg3 Qe8 16. h6 Qg6 17. Qxd6 Nc6 18. Nh4 Qf7 19. hxg7 Kxg7 20. Nf5+ Kh8 21. e5 Rg8 22. Rf2 Nb6 23. Nh6 Qg7 24. Nxg8 Qxg8 25. Qxf6+ Qg7 26. Qd6 cxd4 27. Rf8+ Qg8 28. Rxg8+ Kxg8 29. Qf6 Nxe5 30. Bh6 Ng6 31. Qg7# 1-0

[Event "Eschborn op"]
[Site "Eschborn"]
[Date "2016.09.03"]
[Round "2"]
[White "Kolker, Vladislav"]
[Black "Buss, Alexander"]
[Result "1/2-1/2"]
[WhiteElo "1935"]
[BlackElo "1606"]
[PlyCount "63"]
[EventDate "2016.09.02"]
[EventType "swiss"]
[EventRounds "5"]
[EventCountry "GER"]
[SourceTitle "EXT 2018"]
[Source "ChessBase"]
[SourceDate "2017.10.13"]
[SourceVersion "1"]
[SourceVersionDate "2017.10.13"]
[SourceQuality "1"]

1. e4 e5 2. f4 exf4 3. Nf3 Be7 4. Bc4 Bh4+ 5. Kf1 d6 6. d4 Be6 7. d5 Bg4 8. Bxf4 Qf6 9. Bc1 Bxf3 10. gxf3 Bg5 11. Nc3 Bxc1 12. Rxc1 Nd7 13. Nb5 Kd8 14. c3 a6 15. Nd4 Ne5 16. Be2 Qf4 17. Kg2 Ne7 18. Rg1 h5 19. Kh1 g5 20. Qc2 Rg8 21. Rcf1 c5 22. dxc6 N5xc6 23. Qc1 Qxc1 24. Rxc1 Nxd4 25. cxd4 Rc8 26. Rxc8+ Kxc8 27. Bc4 Rg7 28. Kg2 Ng6 29. Kf2 Nf4 30. Ke3 b5 31. Bb3 f6 32. h4 1/2-1/2

[Event "Rhein Main op-A 18th"]
[Site "Bad Homburg"]
[Date "2015.06.07"]
[Round "7"]
[White "Buss, Alexander"]
[Black "Papadopoulos, Ioannis1111"]
[Result "0-1"]
[WhiteElo "1791"]
[BlackElo "1640"]
[PlyCount "70"]
[EventDate "2015.06.03"]
[EventType "swiss"]
[EventRounds "7"]
[EventCountry "GER"]
[SourceTitle "CBM 167 Extra"]
[Source "ChessBase"]
[SourceDate "2015.09.14"]
[SourceVersion "1"]
[SourceVersionDate "2015.09.14"]
[SourceQuality "1"]

1. e4 e5 2. Nf3 Nc6 3. Bc4 Bc5 4. d3 Nf6 5. 0-0 d6 6. Bg5 Bb6 7. a3 Ne7 8. Nc3 Bg4 9. Bxf6 gxf6 10. h3 Bh5 11. g4 Bg6 12. Nh4 h5 13. Qf3 Nc6 14. Nxg6 fxg6 15. Nd5 f5 16. Nxb6 axb6 17. gxf5 Qf6 18. Bb5 0-0-0 19. Bxc6 bxc6 20. Kh2 Rdf8 21. Rae1 gxf5 22. Qxf5+ Qxf5 23. exf5 Rxf5 24. f3 Rhf8 25. Re3 Kd7 26. Kg3 Rf4 27. Re4 h4+ 28. Kg2 Rg8+ 29. Kf2 Rg3 30. Ke3 Rxe4+ 31. Kxe4 Rxh3 32. Rf2 Ke6 33. c3 Rg3 34. Rh2 h3 35. b3 Rg2 0-1

[Event "Rhein Main op-A 14th"]
[Site "Bad Homburg"]
[Date "2011.06.23"]
[Round "3"]
[White "Mueller, Gerhard1111"]
[Black "Buss, Alexander"]
[Result "0-1"]
[WhiteElo "1819"]
[BlackElo "1617"]
[PlyCount "94"]
[EventDate "2011.06.22"]
[EventType "swiss"]
[EventRounds "7"]
[EventCountry "GER"]
[SourceTitle "EXT 2012"]
[Source "ChessBase"]
[SourceDate "2011.11.24"]
[SourceVersion "1"]
[SourceVersionDate "2011.11.24"]
[SourceQuality "1"]

1. e4 e5 2. Nf3 Nc6 3. Bb5 d6 4. c3 Bd7 5. d3 Nf6 6. 0-0 a6 7. Ba4 Be7 8. Nbd2 0-0 9. Re1 b5 10. Bb3 Bg4 11. Nf1 Na5 12. Bc2 c5 13. h3 Be6 14. Ng3 Nc6 15. Qe2 c4 16. d4 exd4 17. cxd4 Nb4 18. Bb1 d5 19. e5 Ne8 20. a3 Nc6 21. Rd1 g6 22. Nh2 Ng7 23. Bh6 Bg5 24. Bxg7 Kxg7 25. Ng4 Qd7 26. Ne3 Rae8 27. Ng4 Bxg4 28. Qxg4 Qxg4 29. hxg4 f6 30. Kf1 fxe5 31. dxe5 Rxe5 32. Bc2 Bh4 33. Nh1 d4 34. Re1 d3 35. Rxe5 Nxe5 36. Bd1 Bg5 37. Ng3 Rf4 38. Nh1 Nxg4 39. g3 Rd4 40. Bxg4 Rxg4 41. f3 Rd4 42. Nf2 Rd7 43. Rd1 Bf6 44. Rd2 a5 45. Ke1 b4 46. axb4 axb4 47. Kd1 Ra7 0-1

[Event "Karl Mala Memorial op 11th"]
[Site "Frankfurt"]
[Date "2008.06.28"]
[Round "5"]
[White "Larem, Peter"]
[Black "Buss, Alexander"]
[Result "1/2-1/2"]
[WhiteElo "1951"]
[BlackElo "1547"]
[PlyCount "58"]
[EventDate "2008.06.26"]
[EventType "swiss"]
[EventRounds "7"]
[EventCountry "GER"]
[SourceTitle "CBM 125 Extra"]
[Source "ChessBase"]
[SourceDate "2008.09.01"]
[SourceVersion "1"]
[SourceVersionDate "2008.09.01"]
[SourceQuality "1"]

1. e4 e6 2. d4 d5 3. Nc3 dxe4 4. Nxe4 Nc6 5. Nf3 h6 6. c3 Nf6 7. Bd3 Nxe4 8. Bxe4 Bd7 9. 0-0 Bd6 10. Re1 Rb8 11. d5 Ne7 12. dxe6 Bxe6 13. Qd4 0-0 14. Qxa7 c6 15. Be3 Nd5 16. Qd4 Nxe3 17. Qxe3 Qf6 18. Qd4 Be7 19. Qe3 Rfd8 20. Bc2 b6 21. Qe4 g6 22. Nd4 Bc5 23. Qe5 Bxd4 24. cxd4 Qxe5 25. dxe5 Rd2 26. Rec1 Rbd8 27. Kf1 c5 28. b3 R8d5 29. f4 R5d4 1/2-1/2

[Event "Karl Mala Memorial op 11th"]
[Site "Frankfurt"]
[Date "2008.06.26"]
[Round "1"]
[White "Richter, Goetz"]
[Black "Buss, Alexander"]
[Result "1-0"]
[WhiteElo "2073"]
[BlackElo "1547"]
[PlyCount "59"]
[EventDate "2008.06.26"]
[EventType "swiss"]
[EventRounds "7"]
[EventCountry "GER"]
[SourceTitle "CBM 125 Extra"]
[Source "ChessBase"]
[SourceDate "2008.09.01"]
[SourceVersion "1"]
[SourceVersionDate "2008.09.01"]
[SourceQuality "1"]

1. c4 Nf6 2. Nc3 e5 3. g3 Bb4 4. Bg2 c6 5. Nf3 d6 6. Qb3 Bc5 7. Na4 Qa5 8. Nxc5 Qxc5 9. d3 0-0 10. 0-0 Qb6 11. Qc3 e4 12. Ng5 exd3 13. exd3 Bf5 14. Bf4 Qd8 15. Qb4 b6 16. Ne4 Nxe4 17. dxe4 c5 18. Qc3 Bd7 19. Bxd6 Re8 20. b4 Bc6 21. bxc5 Na6 22. Rad1 bxc5 23. Be5 Qg5 24. f4 Qh6 25. Rd6 Re6 26. Rfd1 Rae8 27. Rxe6 Rxe6 28. f5 Re8 29. Rd6 f6 30. Bf4 1-0

[Event "Karl Mala Memorial op 10th"]
[Site "Griesheim"]
[Date "2006.07.23"]
[Round "7"]
[White "Buss, Alexander"]
[Black "Reinhardt, Klaus"]
[Result "0-1"]
[WhiteElo "1613"]
[BlackElo "1901"]
[PlyCount "118"]
[EventDate "2006.07.20"]
[EventType "swiss"]
[EventRounds "7"]
[EventCountry "GER"]
[SourceTitle "CBM 113 Extra"]
[Source "ChessBase"]
[SourceDate "2006.09.14"]
[SourceVersion "1"]
[SourceVersionDate "2006.09.14"]
[SourceQuality "1"]

1. e4 d5 2. exd5 Qxd5 3. Qf3 Qxf3 4. Nxf3 Bf5 5. d3 Nc6 6. a3 e5 7. Nc3 0-0-0 8. Be3 f6 9. Be2 Nge7 10. 0-0 h5 11. Nh4 Be6 12. Ne4 g5 13. Nf3 Nd5 14. c4 Nxe3 15. fxe3 Be7 16. Rad1 Rhg8 17. d4 f5 18. Nc3 exd4 19. Nxd4 Nxd4 20. exd4 h4 21. d5 Bc5+ 22. Kh1 Bd7 23. b4 Be3 24. c5 a6 25. c6 bxc6 26. Bxa6+ Kb8 27. Bd3 h3 28. Bxf5 hxg2+ 29. Kxg2 Be8 30. Be6 Rh8 31. Rd3 Bf4 32. h3 cxd5 33. Bxd5 Bg6 34. Rdf3 Be5 35. Be4 g4 36. hxg4 Rd2+ 37. R1f2 Rh2+ 38. Kg1 Rhxf2 39. Rxf2 Bd4 40. Bxg6 Rxf2 41. Nb5 Rf6+ 42. Nxd4 Rxg6 43. Kf2 Rxg4 44. Nc6+ Kb7 45. Nd8+ Kb6 46. Ne6 Rc4 47. Nc5 Kb5 48. Ke2 Rc3 49. a4+ Kxb4 50. Na6+ Kxa4 51. Kd2 Rc6 52. Nxc7 Rxc7 53. Ke3 Rc4 54. Kd3 Kb3 55. Ke3 Kc3 56. Kf3 Kd3 57. Kf2 Rf4+ 58. Kg3 Ke3 59. Kg2 Rg4+ 0-1

[Event "Karl Mala Memorial op 10th"]
[Site "Griesheim"]
[Date "2006.07.22"]
[Round "5"]
[White "Buss, Alexander"]
[Black "Spinnler, Wolfgang"]
[Result "1-0"]
[WhiteElo "1613"]
[BlackElo "1360"]
[PlyCount "107"]
[EventDate "2006.07.20"]
[EventType "swiss"]
[EventRounds "7"]
[EventCountry "GER"]
[SourceTitle "CBM 113 Extra"]
[Source "ChessBase"]
[SourceDate "2006.09.14"]
[SourceVersion "1"]
[SourceVersionDate "2006.09.14"]
[SourceQuality "1"]

1. e4 d6 2. d4 Nf6 3. Bd3 g6 4. Be3 Ng4 5. Qd2 Nxe3 6. Qxe3 Bg7 7. Ne2 Nc6 8. c3 e5 9. Bb5 Bd7 10. d5 Ne7 11. Bxd7+ Qxd7 12. 0-0 0-0 13. Nd2 c6 14. c4 cxd5 15. cxd5 a6 16. Nc4 Nc8 17. Nb6 Nxb6 18. Qxb6 Rfc8 19. Rac1 Rxc1 20. Rxc1 Rc8 21. Rxc8+ Qxc8 22. Qxd6 Qc2 23. Ng3 Qb1+ 24. Nf1 Qxb2 25. Qb8+ Bf8 26. d6 Qd4 27. Qxb7 Qxd6 28. Ne3 Bh6 29. Nd5 Bf8 30. h3 h6 31. Qb3 Kg7 32. Qc3 Kh7 33. Qf3 Kh8 34. Qxf7 Bg7 35. Ne7 Qd8 36. Nxg6+ Kh7 37. Nxe5 Qd1+ 38. Kh2 Qd6 39. Qf5+ Kh8 40. f4 Qf6 41. Nf7+ Kg8 42. Qxf6 Bxf6 43. Nxh6+ Kg7 44. Nf5+ Kg6 45. g4 a5 46. h4 Bb2 47. h5+ Kh7 48. g5 a4 49. g6+ Kg8 50. Kg3 a3 51. e5 Bc3 52. Kg4 Ba5 53. e6 Bc3 54. e7 1-0